000 004560000a22001810004500
003 MACL
005 20150709122733.0
008 150709b xxu||||| |||| 00| 0 eng d
040 _aMACL
_cMACL
041 _aEnglish
082 _a320/KHA
100 _aKhan, Ziauddin
_9458
245 _aNational Integration In India
260 _bAssociated Publishing House
_c1983
_aNew Delhi
350 _a30
650 _aPolitical Science
_988
942 _cBK
_k320
_2ddc
999 _c6660
_d6660